000 01300nam a2200337 i 4500
001 020472009
003 EG-ScBUE
005 20230307032232.0
008 220131s2022 enka f b 001 0 eng d
020 _a9781292416663 (pbk.)
020 _a1292416661
040 _aStDuBDS
_beng
_erda
_cStDuBDS
_dEG-ScBUE
082 0 4 _a660.2832
_222
_bFOG
100 1 _aFogler, H. Scott,
_eauthor.
245 1 0 _aElements of chemical reaction engineering /
_cH. Scott Fogler, Ame and Catherine Vennema professor of Chemical Engineering and the Arthur F. Thurnau professor, The University of Michigan, Ann Arbor.
250 _aSixth edition.
250 _aGlobal edition.
264 1 _aHarlow, United Kingdom :
_bPearson Education Limited,
_c2022.
300 _a1078 pages :
_billustrations (black and white, and colour) ;
_c32 cm.
336 _atext
_2rdacontent
_btxt
336 _astill image
_2rdacontent
_btxt
337 _aunmediated
_2rdamedia
_bn
338 _avolume
_2rdacarrier
_bnc
490 0 _aPrentice Hall international series in the physical and chemical engineering sciences
504 _aIncludes bibliographical references and index.
650 7 _aChemical reactors.
_2BUEsh
653 _bENGCHE
_cMarch2023
655 _vReading book
942 _2ddc
_cBB
999 _c30220
_d30191